000 00263 a2200109 4500
000 nam a22 7a 4500
005 20260207154149.0
100 _aRakesh Shastri
_91114385
245 _aDhanurvedsamhita
260 _bChaukhamba Orantaliya
_c2025
942 _cTEXL
999 _c1678929
_d1678929